[Event "Superliga 2011 W"]
[Site "Brasov/Rumania"]
[Date "2011.10.15"]
[Round "8.2"]
[White "Padurariu, Ioana-Smaranda"]
[Black "Visanescu, Daria-Ioana"]
[Result "1/2-1/2"]
[WhiteElo "2211"]
[BlackElo "2010"]
[Annotator "Robot 4"]
[PlyCount "115"]
[EventDate "2011.??.??"]
[TimeControl "40/5400+30:1800+30"]

1. e4 c5 2. Nc3 d6 3. g4 e6 4. d3 Nc6 5. Bg2 Nge7 6. Be3 Ng6 7. Nf3 d5 8. Bd2
d4 9. Ne2 Be7 10. O-O O-O 11. Ng3 Qc7 12. Nh5 f5 13. gxf5 exf5 14. exf5 Bxf5
15. Ng3 Bg4 16. h3 Bxf3 17. Bxf3 Bh4 18. Bd5+ Kh8 19. Qg4 Nce5 20. Qh5 Nd7 21.
Ne4 Nf6 22. Nxf6 Rxf6 23. Bg2 Raf8 24. f4 Bg3 25. f5 Nf4 26. Bxf4 Bxf4 27. Rae1
Be3+ 28. Kh1 b6 29. Qg4 Qf7 30. Rf3 Rh6 31. b3 Qf6 32. Ref1 Rh4 33. Qg3 Rh5 34.
Qc7 a5 35. a4 Rg5 36. Rg3 Rxg3 37. Qxg3 Re8 38. Be4 Rf8 39. Rf3 Qg5 40. Qxg5
Bxg5 41. Kg2 Re8 42. Kg3 Kg8 43. Kg4 Bf6 44. Rf2 Re5 45. Rg2 Re7 46. Kf4 Be5+
47. Kf3 Bf6 48. Kg4 Kf8 49. h4 Kg8 50. h5 h6 51. Kf3 Kf8 52. Re2 Bg5 53. Rg2
Bf6 54. Rg1 Bg5 55. Rg2 Bf6 56. Rg6 Re5 57. Rg1 Re7 58. Rg2 1/2-1/2

[Event "Superliga 2011 W"]
[Site "Brasov/Rumania"]
[Date "2011.10.15"]
[Round "8.3"]
[White "Muzychuk, Anna"]
[Black "Jicman, Ligia-Letitia"]
[Result "1-0"]
[WhiteElo "2545"]
[BlackElo "2187"]
[PlyCount "76"]
[EventDate "2011.??.??"]

1. e4 c5 2. Nc3 Nc6 3. Bb5 Nd4 4. Nf3 Nxb5 5. Nxb5 g6 6. d4 Bg7 7. dxc5 Qa5+ 8.
Nc3 Bxc3+ 9. bxc3 Qxc3+ 10. Bd2 Qc4 11. Be3 Nf6 12. Nd2 Qe6 13. O-O O-O 14. Re1
Rd8 15. Qb1 Ng4 16. Bf4 f6 17. Bc7 Rf8 18. Qb3 Qxb3 19. axb3 d6 20. cxd6 exd6
21. Nc4 Be6 22. Nxd6 Ne5 23. Nxb7 Rfc8 24. Bxe5 fxe5 25. c4 Rab8 26. Nd6 Rc6
27. Nb5 a6 28. Na7 Rcb6 29. c5 Rxb3 30. Nc6 Ra8 31. Ra5 Bc4 32. Nxe5 Bb5 33.
Raa1 Rc8 34. Rec1 a5 35. f3 a4 36. c6 a3 37. Ra2 Bxc6 38. Nxc6 Rxc6 1-0

[Event "Superliga 2011 W"]
[Site "Brasov/Rumania"]
[Date "2011.10.15"]
[Round "8.3"]
[White "Craciun, Paula-Iulia"]
[Black "Peptan, Corina-Isabela"]
[Result "0-1"]
[WhiteElo "2138"]
[BlackElo "2421"]
[PlyCount "64"]
[EventDate "2011.??.??"]

1. e4 c5 2. c3 e6 3. Nf3 Nc6 4. d4 d5 5. exd5 exd5 6. Be2 Bd6 7. O-O Nge7 8.
Nbd2 O-O 9. dxc5 Bxc5 10. Nb3 Bb6 11. Bf4 Ng6 12. Bg3 f5 13. h3 f4 14. Bh2 Be6
15. Nbd4 Bf7 16. Qd2 Qf6 17. Rae1 Rad8 18. b4 Rc8 19. Rc1 Bc7 20. Bd1 Nce5 21.
Nxe5 Bxe5 22. Be2 Nh4 23. Bg4 Rc4 24. Rfe1 h5 25. Be2 Qg6 26. g3 fxg3 27. fxg3
Rxd4 28. cxd4 Bxg3 29. Bxh5 Qxh5 30. Qd3 Nf3+ 31. Kg2 Bg6 32. Qc3 Bxh2 0-1

[Event "Superliga 2011 W"]
[Site "Brasov/Rumania"]
[Date "2011.10.15"]
[Round "8.3"]
[White "Anusca, Madalina-Maria"]
[Black "Lolici, Iselin-Amanda"]
[Result "1/2-1/2"]
[WhiteElo "2070"]
[BlackElo "1982"]
[PlyCount "58"]
[EventDate "2011.??.??"]

1. d4 d5 2. c4 Nf6 3. Nc3 dxc4 4. e4 Bg4 5. f3 Bh5 6. Bxc4 e6 7. Nge2 Nbd7 8.
O-O Nb6 9. Bb3 Be7 10. Be3 O-O 11. Rc1 Rc8 12. Nf4 Bg6 13. a4 c5 14. dxc5 Bxc5
15. Bxc5 Rxc5 16. Nb5 Nbd7 17. Rxc5 Nxc5 18. Qxd8 Rxd8 19. Bc2 a6 20. Nc3 e5
21. Nfd5 Nxd5 22. Nxd5 Kf8 23. Rd1 f6 24. Kf2 Be8 25. a5 Ne6 26. Nc7 Rxd1 27.
Nxe6+ Ke7 28. Bxd1 Kxe6 29. b4 Bb5 1/2-1/2

[Event "Superliga 2011 W"]
[Site "Brasov/Rumania"]
[Date "2011.10.15"]
[Round "8.4"]
[White "Cosma, Elena-Luminita"]
[Black "Baciu, Anca-Otilia"]
[Result "0-1"]
[WhiteElo "2331"]
[BlackElo "2130"]
[PlyCount "110"]
[EventDate "2011.??.??"]

1. d4 Nf6 2. Nf3 e6 3. g3 b6 4. Bg2 Bb7 5. O-O Be7 6. c4 O-O 7. Re1 d5 8. cxd5
exd5 9. Nc3 Re8 10. Bf4 Na6 11. Rc1 h6 12. Ne5 Bf8 13. a3 c5 14. dxc5 bxc5 15.
Nc4 g5 16. Be5 Ng4 17. f4 Nxe5 18. Nxe5 Nc7 19. e4 gxf4 20. exd5 fxg3 21. Qf3
gxh2+ 22. Kh1 Qe7 23. Qg3+ Qg5 24. Qxg5+ hxg5 25. Nc4 Rxe1+ 26. Rxe1 Re8 27.
Rxe8 Nxe8 28. Kxh2 Ba6 29. Nd2 Bd6+ 30. Kh1 f5 31. Nf3 g4 32. Ng5 Nf6 33. Kg1
Nh5 34. Bf1 Bb7 35. Bd3 Ng3 36. Kf2 a6 37. Ne6 f4 38. Ng5 Be5 39. Nge4 Nxe4+
40. Bxe4 Kf7 41. Ke2 Bxc3 42. bxc3 c4 43. Bf5 g3 44. d6 Kf6 45. d7 Ke7 46. Be6
a5 47. Bxc4 Kxd7 48. Bf7 Kd6 49. a4 Kc5 50. Bg6 Kc4 51. Be8 Kxc3 52. Bb5 Bd5
53. Bd7 f3+ 54. Ke3 f2 55. Bh3 Kb4 0-1

[Event "Superliga 2011 W"]
[Site "Brasov/Rumania"]
[Date "2011.10.15"]
[Round "8.4"]
[White "Duminica, Mariana"]
[Black "Ilie, Maria-Ruxandra"]
[Result "1-0"]
[WhiteElo "2001"]
[BlackElo "2005"]
[PlyCount "93"]
[EventDate "2011.??.??"]

1. d4 Nf6 2. Nf3 e6 3. Bf4 c5 4. c3 Nc6 5. e3 Qb6 6. Qb3 Qxb3 7. axb3 cxd4 8.
exd4 b6 9. Na3 d6 10. Nb5 Kd7 11. Ng5 Nd8 12. Rxa7+ Rxa7 13. Nxa7 Bb7 14. f3 h6
15. Nh3 Be7 16. Nb5 Nc6 17. Na3 Nd5 18. Bd2 Bf6 19. b4 Ra8 20. Nf2 Be7 21. Bd3
f5 22. Bc2 Bf6 23. Nd3 Nc7 24. Kf2 g5 25. h4 Ne7 26. hxg5 hxg5 27. Rh7 Rf8 28.
g3 Bc6 29. Bb3 Bd5 30. Ba4+ Bc6 31. b5 Bb7 32. Nb4 Ncd5 33. Nc6 Kc7 34. Ke2 Kc8
35. Nc4 Kc7 36. Ne3 Nxe3 37. Bxe3 Bxc6 38. bxc6 Ra8 39. Bb3 Kxc6 40. Bxe6 d5
41. Rf7 Ng8 42. c4 dxc4 43. Bxc4 b5 44. Be6 Kd6 45. Bxf5 Be7 46. Rg7 Ra2 47.
Rxg8 1-0

[Event "Superliga 2011 W"]
[Site "Brasov/Rumania"]
[Date "2011.10.15"]
[Round "8.5"]
[White "Petrenko, Svetlana"]
[Black "Cramling, Pia"]
[Result "0-1"]
[WhiteElo "2223"]
[BlackElo "2489"]
[PlyCount "80"]
[EventDate "2011.??.??"]

1. e4 c5 2. Nf3 e6 3. d4 cxd4 4. Nxd4 Nc6 5. Nb5 d6 6. c4 Nf6 7. N1c3 a6 8. Na3
Be7 9. Be2 O-O 10. O-O b6 11. f4 Bb7 12. Bf3 Rc8 13. Be3 Na5 14. Qd3 d5 15.
cxd5 b5 16. Naxb5 axb5 17. Qxb5 exd5 18. exd5 Nc4 19. Bf2 Qc7 20. Be2 Nd6 21.
Qd3 Qa5 22. Rfd1 Rfd8 23. Bf3 Nc4 24. Rab1 Ba6 25. Qc2 Bd6 26. Qa4 Qxa4 27.
Nxa4 Bxf4 28. Nb6 Nxb6 29. Bxb6 Rd6 30. Bd4 Bb7 31. g3 Bh6 32. Be5 Ra6 33. a3
Be3+ 34. Kh1 Re8 35. Bxf6 Rxf6 36. Kg2 Rc8 37. Rf1 Rc2+ 38. Kh1 Rxf3 39. Rxf3
Bxd5 40. Rbf1 Rxb2 0-1

[Event "Superliga 2011 W"]
[Site "Brasov/Rumania"]
[Date "2011.10.15"]
[Round "8.5"]
[White "Foisor, Cristina-Adela"]
[Black "Ionica, Iulia-Ionela"]
[Result "1-0"]
[WhiteElo "2416"]
[BlackElo "2244"]
[PlyCount "91"]
[EventDate "2011.??.??"]

1. d4 Nf6 2. Bg5 g6 3. Bxf6 exf6 4. e3 Bg7 5. c4 d6 6. Nc3 O-O 7. Nge2 f5 8. g3
Nd7 9. Bg2 Nf6 10. Qd3 a6 11. O-O Rb8 12. b4 h5 13. h4 Ng4 14. Nf4 Bh6 15. Nh3
Re8 16. Nd5 c6 17. Ndf4 Nf6 18. a4 Ne4 19. b5 axb5 20. axb5 Bg7 21. Ra2 Bd7 22.
Rb1 Qe7 23. Ra7 Rec8 24. bxc6 bxc6 25. Rbb7 Rxb7 26. Rxb7 Ra8 27. Qb1 Qe8 28.
Bxe4 fxe4 29. Ng5 f6 30. Nxe4 Bf5 31. f3 Kh8 32. Ng2 Qd8 33. d5 cxd5 34. cxd5
Bxe4 35. Qxe4 Ra1+ 36. Kh2 Kh7 37. g4 hxg4 38. fxg4 Ra2 39. h5 f5 40. gxf5 Qg5
41. hxg6+ Kh6 42. Kg1 Rxg2+ 43. Qxg2 Qxe3+ 44. Qf2 Qc1+ 45. Kg2 Qg5+ 46. Kh3
1-0

[Event "Superliga 2011 W"]
[Site "Brasov/Rumania"]
[Date "2011.10.15"]
[Round "8.5"]
[White "Floroiu, Ioana-Alexandra"]
[Black "Uta, Adeline-Ramona"]
[Result "0-1"]
[WhiteElo "1690"]
[BlackElo "2085"]
[PlyCount "70"]
[EventDate "2011.??.??"]

1. d4 Nf6 2. c4 g6 3. Nf3 Bg7 4. g3 O-O 5. Bg2 d6 6. Nc3 c6 7. e4 Qa5 8. O-O
Nbd7 9. Qc2 e5 10. d5 cxd5 11. cxd5 b5 12. Re1 b4 13. Qa4 Qb6 14. Be3 Nc5 15.
Bxc5 Qxc5 16. Nd1 Bd7 17. Qb3 a5 18. Qe3 Qc7 19. Rc1 Qb7 20. b3 Ng4 21. Qd3 Bb5
22. Qc2 Bh6 23. Rb1 Rac8 24. Qb2 Bd3 25. h3 Nf6 26. g4 Bf4 27. Ne3 Nxe4 28.
Rbd1 Qb5 29. Rc1 Nc3 30. Nd2 Ne2+ 31. Kh1 Nxc1 32. Rxc1 Bxe3 33. fxe3 Qb6 34.
e4 Rc5 35. Nc4 Qc7 0-1

[Event "Superliga 2011 W"]
[Site "Brasov"]
[Date "2011.10.16"]
[Round "9.1"]
[White "Cramling, Pia"]
[Black "Tolgyi, Viorica"]
[Result "1-0"]
[WhiteElo "2489"]
[BlackElo "2060"]
[PlyCount "29"]
[EventDate "2011.10.08"]

1. d4 d5 2. Nf3 Nf6 3. c4 e6 4. Nc3 c6 5. Bg5 Be7 6. e3 h6 7. Bh4 O-O 8. Bd3
dxc4 9. Bxc4 Nd5 10. Bg3 b5 11. Bd3 Bb7 12. O-O Nd7 13. Rc1 a6 14. Ne4 c5 15.
dxc5 1-0

[Event "Superliga 2011 W"]
[Site "Brasov"]
[Date "2011.10.16"]
[Round "9.1"]
[White "Vintila, Maria-Aurora"]
[Black "Foisor, Cristina-Adela"]
[Result "0-1"]
[WhiteElo "1781"]
[BlackElo "2416"]
[PlyCount "84"]
[EventDate "2011.10.08"]

1. e4 c6 2. d4 g6 3. Nf3 Bg7 4. Bd3 d5 5. e5 c5 6. c3 Nc6 7. O-O Bg4 8. Be3 Qb6
9. Qb3 Bxf3 10. gxf3 c4 11. Qxb6 axb6 12. Bc2 b5 13. Na3 b4 14. Nb5 Kd7 15. b3
Ra5 16. a4 bxa3 17. Nxa3 Nh6 18. b4 Raa8 19. Bd1 Nf5 20. Bd2 Nd8 21. Be2 Ne6
22. Nc2 f6 23. exf6 exf6 24. Ra5 Rxa5 25. bxa5 Ra8 26. Ra1 Bf8 27. Ne3 Nf4 28.
Bd1 Bd6 29. Ba4+ Kc7 30. Bc2 Ne7 31. Ng4 f5 32. Ne5 Ne6 33. f4 Nc6 34. Bd1 Rxa5
35. Rxa5 Nxa5 36. h4 Nb3 37. Be3 Bxe5 38. dxe5 b5 39. Bf3 Kc6 40. Kf1 Nbc5 41.
h5 Nd3 42. hxg6 hxg6 0-1

[Event "Superliga 2011 W"]
[Site "Brasov"]
[Date "2011.10.16"]
[Round "9.1"]
[White "Uta, Adeline-Ramona"]
[Black "Mastacan, Camelia"]
[Result "1-0"]
[WhiteElo "2085"]
[BlackElo "1701"]
[PlyCount "97"]
[EventDate "2011.10.08"]

1. e4 e5 2. Nf3 Nc6 3. Bc4 Nf6 4. d3 Be7 5. O-O h6 6. c3 d6 7. Re1 Na5 8. Bb5+
Bd7 9. Bxd7+ Qxd7 10. d4 exd4 11. cxd4 O-O 12. Nc3 Rad8 13. Nh4 Qg4 14. Nf5
Rfe8 15. Nd5 Qxd1 16. Ndxe7+ Rxe7 17. Nxe7+ Kf8 18. Rxd1 Kxe7 19. f3 Nc4 20. b3
Nb6 21. Be3 Nbd7 22. d5 a6 23. Rac1 Ne8 24. Kf2 Ne5 25. Bd4 f6 26. f4 Nf7 27.
b4 Kd7 28. a4 b6 29. h4 h5 30. Kf3 Nh6 31. Rc6 Ra8 32. e5 fxe5 33. fxe5 dxe5
34. Bxe5 Nf5 35. g3 Ned6 36. Rdc1 Ra7 37. Kf4 Ne7 38. Bxd6 cxd6 39. Kg5 Nxd5
40. R6c4 Nf6 41. Rd4 d5 42. Kg6 Kd6 43. Rc8 b5 44. a5 Ke5 45. Rd1 Rd7 46. Rc6
Ra7 47. Re1+ Kd4 48. Ree6 Ne4 49. Rxa6 1-0

[Event "Superliga 2011 W"]
[Site "Brasov"]
[Date "2011.10.16"]
[Round "9.2"]
[White "Baciu, Anca-Otilia"]
[Black "Petrenko, Svetlana"]
[Result "0-1"]
[WhiteElo "2130"]
[BlackElo "2223"]
[Annotator "Doe,John"]
[PlyCount "94"]
[EventDate "2011.10.08"]

1. e4 d5 2. exd5 Qxd5 3. Nc3 Qd6 4. d4 Nf6 5. Bg5 c6 6. Bc4 Be6 7. Qd3 g6 8.
Nf3 Bg7 9. O-O Bf5 10. Qd2 O-O 11. a4 a5 12. Bf4 Qd8 13. Ne2 Nbd7 14. Ng3 Ne4
15. Nxe4 Bxe4 16. Ng5 Bf5 17. c3 Nb6 18. Bb3 Nd5 19. Bxd5 Qxd5 20. Rfe1 Rfe8
21. Qe2 h6 22. Ne4 $11 g5 23. Bg3 Bxe4 24. Qxe4 Qxe4 25. Rxe4 f5 26. Re6 f4 27.
Bxf4 gxf4 28. Rae1 Bf6 29. R1e4 Kf7 30. Kf1 Rg8 31. g3 fxg3 32. hxg3 h5 33. Ke2
Ra6 34. Kd3 Rg5 35. Re2 Ra8 36. R6e4 Rd8 37. Kc4 b5+ 38. Kb3 Rd6 39. Re1 Ke8
40. Rh1 Kd7 41. Reh4 Rdd5 42. f4 Rxg3 43. Rxh5 Rxd4 44. axb5 Rb4+ 45. Ka2 Rxb5
46. Rd1+ Kc7 47. Rh2 Rf3 0-1

[Event "Superliga 2011 W"]
[Site "Brasov"]
[Date "2011.10.16"]
[Round "9.2"]
[White "Vasilescu, Maria"]
[Black "Floroiu, Ioana-Alexandra"]
[Result "1-0"]
[WhiteElo "1814"]
[BlackElo "1690"]
[PlyCount "69"]
[EventDate "2011.10.08"]

1. e4 Nf6 2. e5 Nd5 3. d4 d6 4. c4 Nb6 5. exd6 cxd6 6. Nc3 g6 7. Be3 Bg7 8. Rc1
O-O 9. b3 Nc6 10. Be2 Bf5 11. d5 Nb8 12. Nf3 Bg4 13. Nd4 Bxe2 14. Qxe2 N8d7 15.
O-O Rc8 16. f4 a5 17. f5 Ne5 18. Ne4 Nbd7 19. Qd2 Nc5 20. Nxc5 dxc5 21. Nb5 Ng4
22. Bf4 Nf6 23. Bh6 Ne4 24. Qf4 Nd6 25. Bxg7 Kxg7 26. f6+ exf6 27. Qxd6 b6 28.
Qxd8 Rcxd8 29. Rce1 Rfe8 30. Kf2 f5 31. Rxe8 Rxe8 32. Re1 Kf8 33. Rxe8+ Kxe8
34. Nd6+ Kd7 35. Nxf7 1-0

[Event "Superliga 2011 W"]
[Site "Brasov"]
[Date "2011.10.16"]
[Round "9.3"]
[White "Jicman, Ligia-Letitia"]
[Black "Cosma, Elena-Luminita"]
[Result "1/2-1/2"]
[WhiteElo "2187"]
[BlackElo "2331"]
[PlyCount "101"]
[EventDate "2011.10.08"]

1. e4 e6 2. d4 d5 3. Nd2 Nc6 4. c3 dxe4 5. Nxe4 Qd5 6. Ng3 e5 7. dxe5 Qxd1+ 8.
Kxd1 Nxe5 9. h3 Be6 10. f4 O-O-O+ 11. Kc2 Nc6 12. Nf3 Nf6 13. Be2 Bd6 14. Ng5
Bd5 15. Bf3 Bxf3 16. gxf3 Rd7 17. N3e4 Nh5 18. Nxd6+ cxd6 19. Ne4 f5 20. Nf2
Re8 21. Bd2 Nxf4 22. Raf1 Ng6 23. h4 Nge5 24. Nh3 d5 25. Kb1 d4 26. cxd4 Nxd4
27. f4 Nec6 28. Ng5 h6 29. Nh3 Ne2 30. Bc1 Nxc1 31. Kxc1 Re3 32. Ng1 Nd4 33.
Rh2 Rc7+ 34. Kb1 Rce7 35. Rc1+ Nc6 36. Rg2 Kc7 37. a3 Kb6 38. Ka2 a5 39. Rcc2
R3e4 40. Ne2 Ka6 41. Nc3 Rd4 42. Rg6 Red7 43. Ne2 Re4 44. h5 Ka7 45. Nc3 Rxf4
46. Nb5+ Kb8 47. Nd6 Rg4 48. Nxf5 Rxg6 49. hxg6 Ne5 50. Rg2 a4 51. Nxh6 1/2-1/2

[Event "Superliga 2011 W"]
[Site "Brasov"]
[Date "2011.10.16"]
[Round "9.3"]
[White "Chirita, Andra-Marina"]
[Black "Craciun, Paula-Iulia"]
[Result "0-1"]
[WhiteElo "2044"]
[BlackElo "2138"]
[PlyCount "72"]
[EventDate "2011.10.08"]

1. d4 d5 2. c4 c6 3. Nc3 Nf6 4. e3 g6 5. Nf3 Bg7 6. Bd3 O-O 7. O-O Bg4 8. h3
Bxf3 9. Qxf3 e6 10. cxd5 exd5 11. b4 a6 12. a4 Nbd7 13. Ba3 b5 14. a5 Ne8 15.
Rac1 Nd6 16. Rc2 Re8 17. Rfc1 Nf6 18. Re2 Nfe4 19. Bb2 f5 20. Bb1 Nc4 21. Ba2
Bf8 22. Bxc4 bxc4 23. Ba3 Bd6 24. Rec2 Nxc3 25. Rxc3 Qe7 26. g4 Rf8 27. Qg2
fxg4 28. Qxg4 Rf5 29. Kf1 Raf8 30. R1c2 Rg5 31. Qe2 Qe6 32. e4 Bg3 33. exd5
Qxh3+ 34. Ke1 Rxf2 35. Qxf2 Bxf2+ 36. Kxf2 Qg2+ 0-1

[Event "Superliga 2011 W"]
[Site "Brasov"]
[Date "2011.10.16"]
[Round "9.3"]
[White "Lolici, Iselin-Amanda"]
[Black "Ilie, Maria-Ruxandra"]
[Result "0-1"]
[WhiteElo "1982"]
[BlackElo "2005"]
[PlyCount "86"]
[EventDate "2011.10.08"]

1. c4 e5 2. g3 Nf6 3. Bg2 Nc6 4. Nc3 Bb4 5. e4 Bxc3 6. bxc3 d6 7. Ne2 O-O 8.
O-O Be6 9. d3 Qc8 10. f4 Bh3 11. f5 Bxg2 12. Kxg2 Nd7 13. g4 Ne7 14. Ng3 f6 15.
g5 fxg5 16. Bxg5 Nf6 17. Nh5 Kh8 18. Kh1 Neg8 19. Rg1 Nxh5 20. Qxh5 Nf6 21. Qh4
Qd7 22. Rg3 Qf7 23. Rag1 Rae8 24. Rh3 Qg8 25. Bh6 gxh6 26. Rxg8+ Nxg8 27. Rg3
Rf7 28. Qh5 Ref8 29. d4 Nf6 30. Qf3 Re8 31. Rh3 exd4 32. Rh4 dxc3 33. Qxc3 Re5
34. Qb2 b6 35. Qg2 Rg7 36. Qf3 Rf7 37. Rxh6 Rxe4 38. Rxf6 Re1+ 39. Kg2 Rxf6 40.
Qc3 Re5 41. Qa3 a5 42. Qf3 Rexf5 43. Qc6 Rg6+ 0-1

[Event "Superliga 2011 W"]
[Site "Brasov"]
[Date "2011.10.16"]
[Round "9.4"]
[White "Sandu, Mihaela"]
[Black "Muzychuk, Anna"]
[Result "0-1"]
[WhiteElo "2221"]
[BlackElo "2545"]
[Annotator "Robot 3"]
[PlyCount "76"]
[EventDate "2011.10.08"]

1. e4 c5 2. Nf3 Nc6 3. d4 cxd4 4. Nxd4 Nf6 5. Nc3 e6 6. Ndb5 Bc5 7. Nd6+ Ke7 8.
Nxc8+ Rxc8 9. Bb5 Qc7 10. O-O Ne5 11. Be2 Qd6 12. Bd2 Rhg8 13. Qc1 h6 14. Be3
g5 15. Rd1 Bxe3 16. Qxe3 Qc5 17. Rd4 Nc6 18. Rd3 Qxe3 19. Rxe3 Ne5 20. Rd1 a6
21. Rd4 Rc5 22. f3 d6 23. g3 b5 24. a4 Nc4 25. Bxc4 bxc4 26. Re2 Rb8 27. Red2
Rc6 28. f4 Rxb2 29. e5 Ne8 30. fxg5 hxg5 31. Ne4 c3 32. Rd1 d5 33. Nxg5 Rxc2
34. Rf4 f6 35. exf6+ Nxf6 36. Rdf1 e5 37. Rf5 Re2 38. Nf3 Nd7 0-1

[Event "Superliga 2011 W"]
[Site "Brasov"]
[Date "2011.10.16"]
[Round "9.4"]
[White "Peptan, Corina-Isabela"]
[Black "Moldovan, Corina"]
[Result "1-0"]
[WhiteElo "2421"]
[BlackElo "2232"]
[Annotator "Robot 3"]
[PlyCount "47"]
[EventDate "2011.10.08"]

1. e4 e6 2. d4 d5 3. Nd2 c5 4. Ngf3 cxd4 5. exd5 Qxd5 6. Bc4 Qd6 7. O-O Nf6 8.
Nb3 Nc6 9. Nbxd4 Nxd4 10. Nxd4 a6 11. Bb3 Qc7 12. Qe2 Bd6 13. h3 O-O 14. Bg5 b6
15. Rad1 Ra7 16. Rd3 Nd7 17. Nxe6 Bh2+ 18. Kh1 fxe6 19. Qxe6+ Kh8 20. Rf3 Nf6
21. Rxf6 gxf6 22. Bxf6+ Qg7 23. Bxg7+ Rxg7 24. Qxb6 1-0

[Event "Superliga 2011 W"]
[Site "Brasov"]
[Date "2011.10.16"]
[Round "9.4"]
[White "Visanescu, Daria-Ioana"]
[Black "Anusca, Madalina-Maria"]
[Result "1/2-1/2"]
[WhiteElo "2010"]
[BlackElo "2070"]
[Annotator "Robot 3"]
[PlyCount "32"]
[EventDate "2011.10.08"]

1. e4 c5 2. Nf3 Nc6 3. d4 cxd4 4. Nxd4 g6 5. c4 Nf6 6. Nc3 Nxd4 7. Qxd4 d6 8.
c5 Bg7 9. Bb5+ Bd7 10. Bxd7+ Qxd7 11. cxd6 O-O 12. O-O Ne8 13. Qb4 Nxd6 14. Rd1
Qg4 15. Be3 a5 16. Qb3 b5 1/2-1/2

[Event "Superliga 2011 W"]
[Site "Brasov"]
[Date "2011.10.16"]
[Round "9.5"]
[White "Melia, Salome"]
[Black "L'ami, Alina"]
[Result "1/2-1/2"]
[WhiteElo "2396"]
[BlackElo "2368"]
[PlyCount "47"]
[EventDate "2011.10.08"]

1. e4 c5 2. Nf3 d6 3. d4 cxd4 4. Nxd4 Nf6 5. Nc3 a6 6. Bg5 e6 7. f4 Be7 8. Qe2
h6 9. Bxf6 Bxf6 10. O-O-O Qc7 11. Qd3 O-O 12. h4 b5 13. g4 Bxd4 14. Qxd4 e5 15.
Qg1 exf4 16. g5 h5 17. Be2 Be6 18. Bxh5 Nc6 19. g6 Ne5 20. Nd5 Bxd5 21. exd5
fxg6 22. Bxg6 Nxg6 23. Qxg6 Rf6 24. Qe4 1/2-1/2

[Event "Superliga 2011 W"]
[Site "Brasov"]
[Date "2011.10.16"]
[Round "9.5"]
[White "Bulmaga, Irina"]
[Black "Plass, Mariana-Camelia"]
[Result "1-0"]
[WhiteElo "2304"]
[BlackElo "2151"]
[PlyCount "55"]
[EventDate "2011.10.08"]

1. e4 c5 2. Nf3 e6 3. d4 cxd4 4. Nxd4 Nc6 5. Nc3 Qc7 6. Be3 a6 7. a3 b5 8. Nxc6
dxc6 9. f4 Nf6 10. e5 Nd5 11. Nxd5 cxd5 12. Bd4 Bc5 13. c3 Bd7 14. Bd3 Qb6 15.
Bc2 Rc8 16. Bb3 a5 17. O-O O-O 18. Kh1 Bxd4 19. cxd4 f5 20. exf6 Rxf6 21. Qd2
b4 22. a4 Qd6 23. g3 Rff8 24. Rfe1 Kh8 25. Re5 Be8 26. Rae1 Bg6 27. Rxe6 Be4+
28. R1xe4 1-0

[Event "Superliga 2011 W"]
[Site "Brasov"]
[Date "2011.10.16"]
[Round "9.5"]
[White "Taposu-Matei, Alexandra"]
[Black "Padurariu, Ioana-Smaranda"]
[Result "0-1"]
[WhiteElo "1788"]
[BlackElo "2211"]
[PlyCount "60"]
[EventDate "2011.10.08"]

1. d4 Nf6 2. Nf3 c5 3. c4 cxd4 4. Nxd4 e6 5. Nc3 Bb4 6. Qc2 O-O 7. e3 b6 8. Be2
Bb7 9. O-O a6 10. b3 Qc7 11. Bb2 Be7 12. Rfd1 d6 13. Rd2 Nbd7 14. Bf3 Rac8 15.
Bxb7 Qxb7 16. e4 Rfe8 17. Rc1 Bf8 18. Nde2 b5 19. cxb5 axb5 20. a3 b4 21. axb4
Qxb4 22. Rd4 Qb7 23. Ba3 Nc5 24. Rb4 Qa6 25. Bb2 Qd3 26. Ng3 Rb8 27. Rxb8 Rxb8
28. Qxd3 Nxd3 29. Rc2 Rxb3 30. Bc1 Nb4 0-1